<?xml version="1.0" encoding="UTF-8"?>
<collection xmlns:xsi="http://www.w3.org/2001/XMLSchema-instance" xsi:schemaLocation="http://www.loc.gov/MARC21/slim http://www.loc.gov/standards/marcxml/schema/MARC21slim.xsd" xmlns="http://www.loc.gov/MARC21/slim">
 <record>
  <leader>00000cam a22000003i 4500</leader>
  <controlfield tag="001">UP-1685594773862138156</controlfield>
  <controlfield tag="003">Buklod</controlfield>
  <controlfield tag="005">20190212132940.0</controlfield>
  <controlfield tag="006">g||| |     ||   ||</controlfield>
  <controlfield tag="007">ta</controlfield>
  <controlfield tag="008">190215s2007    nyua    rb   |||1 u|eng d</controlfield>
  <datafield tag="020" ind1=" " ind2=" ">
   <subfield code="a">9780195307290</subfield>
  </datafield>
  <datafield tag="035" ind1=" " ind2=" ">
   <subfield code="a">(iLib)UPBAG-00032978911</subfield>
  </datafield>
  <datafield tag="040" ind1=" " ind2=" ">
   <subfield code="a">DLC</subfield>
   <subfield code="d">BAG</subfield>
   <subfield code="e">rda</subfield>
  </datafield>
  <datafield tag="041" ind1="0" ind2=" ">
   <subfield code="a">eng</subfield>
  </datafield>
  <datafield tag="090" ind1=" " ind2="0">
   <subfield code="a">BL 65 P7</subfield>
   <subfield code="b">D46 2007</subfield>
  </datafield>
  <datafield tag="245" ind1="0" ind2="0">
   <subfield code="a">Democracy and the new religious pluralism</subfield>
   <subfield code="c">edited by Thomas Banchoff.</subfield>
  </datafield>
  <datafield tag="264" ind1=" " ind2="1">
   <subfield code="a">New York, New York</subfield>
   <subfield code="b">Oxford University Press, Inc</subfield>
   <subfield code="c">2007.</subfield>
  </datafield>
  <datafield tag="300" ind1=" " ind2=" ">
   <subfield code="a">x, 334 pages</subfield>
   <subfield code="b">illustrations</subfield>
   <subfield code="c">24 cm</subfield>
  </datafield>
  <datafield tag="336" ind1=" " ind2=" ">
   <subfield code="a">text</subfield>
   <subfield code="2">rdacontent</subfield>
  </datafield>
  <datafield tag="337" ind1=" " ind2=" ">
   <subfield code="a">unmediated</subfield>
   <subfield code="2">rdamedia</subfield>
  </datafield>
  <datafield tag="338" ind1=" " ind2=" ">
   <subfield code="a">volume</subfield>
   <subfield code="2">rdacarrier</subfield>
  </datafield>
  <datafield tag="504" ind1=" " ind2=" ">
   <subfield code="a">Includes bibliographical references and index.</subfield>
  </datafield>
  <datafield tag="505" ind1="0" ind2=" ">
   <subfield code="a">Introduction / Thomas Banchoff -- Part I: Contours of the New Religious Pluralism -- Pluralism, Protestantization, and the Voluntary Principle / Peter L. Berger -- Uneven Secularization in the United States and Western Europe / Pippa Norris and Ronal Inglehart -- Immigration and the New Religious Pluralism : A European Union/United States Comparison / Jose Casanova -- The Transnational Struggle for Jewish Pluralism / Yossi Shain -- Politicians' Perceptions of the &quot;Muslim Problem&quot;: The Dutch example in European Context / Sam Cherribi -- America's Muslims: Issues of Identity, Religious Diversity, and Pluralism / John L. Esposito -- Religious Diversity in a &quot;Christian Nation&quot;: American Identity and American Democracy / Robert Wuthnow -- Part II: Democratic Responses to the New Religious Pluralism -- Radical Evil in Liberal Democracies: The Neglect of the Political Emotions / Martha C. Nussbaum -- Islam and the Republic: The French Case / Daniele Hervieu-Leger -- Pluralism, Tolerance and Democracy: Theory and Practice in Europe / Grace Davie -- American Religious Pluralism: Civic and Theological Discourse / Diana L. Eck -- A Voice of One's Own: Public Faith in a Pluralistic World / Miroslov Volf -- The End of Religious Pluralism: a Tribute to David Burrell / Stanley Hauerwas -- Stem Cell Politics, Religious and Secular: the United States and France Compared / Thomas Banchoff.</subfield>
  </datafield>
  <datafield tag="650" ind1=" " ind2="0">
   <subfield code="a">Democracy</subfield>
   <subfield code="x">Religious aspects</subfield>
   <subfield code="v">Congresses.</subfield>
  </datafield>
  <datafield tag="650" ind1=" " ind2="0">
   <subfield code="a">Religious pluralism</subfield>
   <subfield code="x">Political aspects</subfield>
   <subfield code="v">Congresses.</subfield>
  </datafield>
  <datafield tag="700" ind1="1" ind2=" ">
   <subfield code="a">Banchoff, Thomas</subfield>
   <subfield code="d">1964-</subfield>
   <subfield code="e">editor.</subfield>
  </datafield>
  <datafield tag="905" ind1=" " ind2=" ">
   <subfield code="a">FO</subfield>
  </datafield>
  <datafield tag="852" ind1="0" ind2=" ">
   <subfield code="a">UPBAG</subfield>
   <subfield code="b">UPBAG-MAIN</subfield>
   <subfield code="h">BL 65 P7 D46 2007</subfield>
  </datafield>
  <datafield tag="942" ind1=" " ind2=" ">
   <subfield code="a">Book</subfield>
  </datafield>
 </record>
</collection>
